00958nam a22003017a 450000500170000000800410001701000100005801100100006803500100007808200170008810000370010524500390014226000310018130000110021250000120022359000410023559000410027659000410031759000410035859000410039959000420044065000200048265000330050270000410053590100070057694900560058399900170063920220329141239.0971010s1990 r 00010 d a65101 a66073 a73929 a634.421bM3800aMata Beltrán, Inocente.972854 aCultivo y producción del guayabo aMéxico :bTrillas,c1990 a160 p. a1992-89 aBATCH-UPDb10c20130110lUCH01h0051 aBATCH-UPDb10c20130110lUCH01h1354 aBATCH-UPDb10c20130409lUCH01h2039 aBATCH-UPDb10c20130410lUCH01h0849 aBATCH-UPDb10c20130914lUCH01h1554 aCONVERSIONb10c20130109lUCH01h133514aGuayaba.95103714aGuayabaxRendimiento.9510640 aRodríguez Mendoza, Antonio.998692 aBK a634.421 M38bFcLIBROd-6767eLIBROh2835i73929si c65101d65101